[Event "Montevideo Trebejos op 02"]
[Site "Montevideo"]
[Date "2016.02.22"]
[Round "1"]
[White "Ibanez Iglesias, Juan Rodrigo"]
[Black "Larrea, Daniela"]
[Result "1-0"]
[WhiteElo "2085"]
[BlackElo "1758"]
[PlyCount "83"]
[EventDate "2016.02.22"]
[EventType "swiss"]
[EventRounds "7"]
[EventCountry "URU"]
[SourceTitle "CBM 171 Extra"]
[Source "ChessBase"]
[SourceDate "2016.04.26"]
[SourceVersion "1"]
[SourceVersionDate "2016.04.26"]
[SourceQuality "1"]

1. e4 d6 2. Nf3 Nf6 3. Nc3 e5 4. d4 Nc6 5. Bb5 Bd7 6. 0-0 Be7 7. Re1 exd4 8. Nxd4 0-0 9. Nxc6 Bxc6 10. Bxc6 bxc6 11. Qd3 Nd7 12. Be3 Bf6 13. f4 Re8 14. Rad1 Qb8 15. e5 Be7 16. a4 d5 17. Qf5 Nf8 18. Rd3 Qc8 19. Qh5 Qe6 20. Bd2 Qg6 21. Qh3 Qh6 22. Qxh6 gxh6 23. Ne2 Ne6 24. b4 Rad8 25. Rh3 Rb8 26. c3 c5 27. b5 d4 28. Rxh6 d3 29. Ng3 c4 30. Ne4 Nc5 31. Nxc5 Bxc5+ 32. Kh1 Rb6 33. Rxb6 cxb6 34. g4 f6 35. e6 Re7 36. f5 Bd6 37. Kg2 Be5 38. h4 Bd6 39. g5 Rg7 40. Kf3 Be7 41. Rg1 Bc5 42. Rg4 1-0

[Event "URU-ch sf"]
[Site "Colonia del Sacramento"]
[Date "2016.02.09"]
[Round "8"]
[White "Lopez Azambuja, Nicolas"]
[Black "Ibanez Iglesias, Juan Rodrigo"]
[Result "1-0"]
[WhiteElo "2272"]
[BlackElo "2085"]
[PlyCount "83"]
[EventDate "2016.02.05"]
[EventType "swiss"]
[EventRounds "9"]
[EventCountry "URU"]
[SourceTitle "CBM 170 Extra"]
[Source "ChessBase"]
[SourceDate "2016.02.25"]
[SourceVersion "1"]
[SourceVersionDate "2016.02.25"]
[SourceQuality "1"]

1. d4 Nf6 2. c4 e6 3. Nc3 Bb4 4. e3 0-0 5. Nge2 b6 6. a3 Bd6 7. g3 Bb7 8. d5 Re8 9. Bg2 exd5 10. cxd5 Be5 11. 0-0 Ba6 12. Re1 d6 13. f4 Bxc3 14. Nxc3 Nbd7 15. b4 Bc4 16. Qd4 b5 17. Bb2 Qb8 18. a4 a6 19. axb5 axb5 20. Rxa8 Qxa8 21. g4 Re7 22. g5 Ne8 23. Ra1 Qb8 24. Kf2 f6 25. h4 Qb6 26. Qxb6 Nxb6 27. e4 fxg5 28. hxg5 g6 29. Ra5 Bd3 30. Bc1 Ng7 31. Be3 Nc4 32. Rxb5 Kf7 33. Rb8 Re8 34. Rb7 Re7 35. Bd4 Nh5 36. Kf3 Nd2+ 37. Ke3 Bf1 38. Bf3 Nc4+ 39. Kf2 Bd3 40. Bxh5 gxh5 41. Bf6 Rd7 42. e5 1-0

[Event "URU-ch sf"]
[Site "Colonia del Sacramento"]
[Date "2016.02.06"]
[Round "3"]
[White "Coppola, Claudio"]
[Black "Ibanez Iglesias, Juan Rodrigo"]
[Result "1/2-1/2"]
[WhiteElo "2234"]
[BlackElo "2085"]
[PlyCount "67"]
[EventDate "2016.02.05"]
[EventType "swiss"]
[EventRounds "9"]
[EventCountry "URU"]
[SourceTitle "CBM 170 Extra"]
[Source "ChessBase"]
[SourceDate "2016.02.25"]
[SourceVersion "1"]
[SourceVersionDate "2016.02.25"]
[SourceQuality "1"]

1. d4 d5 2. Nf3 Nf6 3. c4 e6 4. g3 Be7 5. Bg2 0-0 6. 0-0 dxc4 7. Qc2 a6 8. a4 Nc6 9. Rd1 Nb4 10. Qxc4 b5 11. Qb3 Bb7 12. Nc3 bxa4 13. Qxa4 Bc6 14. Qb3 Rb8 15. Ne5 Bxg2 16. Kxg2 Qc8 17. Bg5 h6 18. Bxf6 Bxf6 19. Ne4 Bxe5 20. dxe5 Rb5 21. Rac1 Qb7 22. Qf3 Nd5 23. Nc5 Qc6 24. Nd3 Qb7 25. Rc4 a5 26. Rdc1 Rc8 27. h4 Nb4 28. Qxb7 Rxb7 29. Nc5 Rb5 30. Rd1 Nc6 31. Nxe6 Nxe5 32. Rc5 c6 33. Rxb5 cxb5 34. Rd5 1/2-1/2

[Event "American Continental 11th"]
[Site "Montevideo"]
[Date "2015.05.24"]
[Round "11"]
[White "Ibanez Iglesias, Juan Rodrigo"]
[Black "Contreras, Henry"]
[Result "1-0"]
[WhiteElo "2059"]
[BlackElo "2193"]
[PlyCount "120"]
[EventDate "2015.05.15"]
[EventType "swiss"]
[EventRounds "11"]
[EventCountry "URU"]
[SourceTitle "CBM 167"]
[Source "ChessBase"]
[SourceDate "2015.07.13"]
[SourceVersion "1"]
[SourceVersionDate "2015.07.13"]
[SourceQuality "1"]

1. e4 c5 2. Nc3 a6 3. g3 Nc6 4. Bg2 g6 5. d3 Bg7 6. Nf3 e6 7. 0-0 Nge7 8. Re1 d6 9. Be3 Nd4 10. Qd2 h6 11. Nd1 Rb8 12. c3 Nxf3+ 13. Bxf3 b5 14. d4 c4 15. Bg2 d5 16. Bf4 Ra8 17. a4 Bb7 18. axb5 axb5 19. Rxa8 Qxa8 20. exd5 Nxd5 21. Bd6 Qd8 22. Ba3 Bf8 23. Bxf8 Kxf8 24. Ne3 Kg7 25. Nxd5 Bxd5 26. Qf4 Bxg2 27. Kxg2 Qd5+ 28. Qf3 Ra8 29. Re5 Qxf3+ 30. Kxf3 Ra5 31. Rc5 f5 32. g4 Kf6 33. gxf5 exf5 34. Rc6+ Kg5 35. Rb6 h5 36. d5 b4 37. Rxb4 Rxd5 38. Rxc4 Rd3+ 39. Ke2 Rd8 40. h4+ Kf6 41. Rc6+ Ke5 42. Rxg6 Kf4 43. Rg3 Ra8 44. b4 Ra2+ 45. Kd3 Rxf2 46. Rg5 Rh2 47. Rxh5 Kg4 48. Rg5+ Kf4 49. Kd4 Rxh4 50. Rg7 Kf3+ 51. Kd5 f4 52. b5 Rh1 53. c4 Rb1 54. Kc6 Ke2 55. c5 f3 56. b6 f2 57. Rf7 f1Q 58. Rxf1 Rxf1 59. b7 Rf8 60. Kc7 Ke3 1-0

[Event "American Continental 11th"]
[Site "Montevideo"]
[Date "2015.05.22"]
[Round "9"]
[White "Ibanez Iglesias, Juan Rodrigo"]
[Black "Boff, Andre Ricardo"]
[Result "1-0"]
[WhiteElo "2059"]
[BlackElo "1927"]
[PlyCount "67"]
[EventDate "2015.05.15"]
[EventType "swiss"]
[EventRounds "11"]
[EventCountry "URU"]
[SourceTitle "CBM 167"]
[Source "ChessBase"]
[SourceDate "2015.07.13"]
[SourceVersion "1"]
[SourceVersionDate "2015.07.13"]
[SourceQuality "1"]

1. e4 e6 2. d4 d5 3. e5 c5 4. c3 Bd7 5. Nf3 Qb6 6. a3 c4 7. Nbd2 Nc6 8. b3 cxb3 9. Nxb3 Na5 10. Nxa5 Qxa5 11. Bd2 Qa4 12. Qb1 Rb8 13. Bd3 Ne7 14. 0-0 a6 15. Rc1 Bb5 16. Bc2 Qc4 17. a4 Bd7 18. Bd3 Qc7 19. c4 Qd8 20. cxd5 Nxd5 21. Bxh7 Be7 22. Be4 Bc6 23. Qd3 Qd7 24. Bg5 Bxg5 25. Nxg5 Qe7 26. Qg3 Kd7 27. Rab1 f5 28. exf6 gxf6 29. Bxd5 exd5 30. Qg4+ Kd6 31. Re1 Qf8 32. Ne6 Re8 33. Qf4+ Kd7 34. Qc7# 1-0